Online katalóg knižníc regiónu Turca

Edo a Ferdo (Record no. 21425)

MARC details
000 -LEADER
fixed length control field 01658cam a2200457 4500
001 - CONTROL NUMBER
control field 21425
003 - CONTROL NUMBER IDENTIFIER
control field VRT
005 - DATE AND TIME OF LATEST TRANSACTION
control field 20260302101612.0
008 - FIXED-LENGTH DATA ELEMENTS--GENERAL INFORMATION
fixed length control field 200104s2018 xr a br 000 j slo
015 ## - NATIONAL BIBLIOGRAPHY NUMBER
National bibliography number SNBZSA2018/08
020 ## - INTERNATIONAL STANDARD BOOK NUMBER
International Standard Book Number 9788074516856
Qualifying information (viazané)
035 ## - SYSTEM CONTROL NUMBER
System control number urn:nbn:sk:snk-am00d443
035 ## - SYSTEM CONTROL NUMBER
System control number urn:nbn:sk:snk-am3hl18
035 ## - SYSTEM CONTROL NUMBER
System control number A7CBA518-ED60-4F5C-AC57-6F9B31582DCA
038 ## - RECORD CONTENT LICENSOR
Record content licensor PPPK
039 #9 - LEVEL OF BIBLIOGRAPHIC CONTROL AND CODING DETAIL [OBSOLETE]
Level of rules in bibliographic description 202001041306
Level of effort used to assign nonsubject heading access points VLOAD
Level of effort used to assign subject headings 201907052212
Level of effort used to assign classification AUTHORITY
Level of effort used to assign subject headings 201808081425
Level of effort used to assign classification msnk21
Level of effort used to assign subject headings 201807201359
Level of effort used to assign classification msnk11
040 ## - CATALOGING SOURCE
Original cataloging agency PPPK
Language of cataloging slo
Transcribing agency PPPK
Modifying agency SNK
Description conventions rda
041 1# - LANGUAGE CODE
Language code of text/sound track or separate title slo
Language code of original cze
044 ## - COUNTRY OF PUBLISHING/PRODUCING ENTITY CODE
MARC country code xr
ISO country code CZ
072 #7 - SUBJECT CATEGORY CODE
Subject category code 821.162.3
Subject category code subdivision Česká literatúra
Source konspekt
072 #7 - SUBJECT CATEGORY CODE
Subject category code 821-93
Subject category code subdivision Literatúra pre deti a mládež (beletria)
Source konspekt
080 ## - UNIVERSAL DECIMAL CLASSIFICATION NUMBER
Universal Decimal Classification number 821.162.3-34
Edition identifier 2011
080 ## - UNIVERSAL DECIMAL CLASSIFICATION NUMBER
Universal Decimal Classification number 82-93-053.2
Edition identifier 2011
100 1# - MAIN ENTRY--PERSONAL NAME
Personal name Kaftanová, Irena,
Dates associated with a name 1951-
Relationship aut
245 10 - TITLE STATEMENT
Title Edo a Ferdo
Statement of responsibility, etc. Irena Kaftanová ; ilustrácie Josef Quis ; preklad: Jana Klapáčová
264 #1 - PRODUCTION, PUBLICATION, DISTRIBUTION, MANUFACTURE, AND COPYRIGHT NOTICE
Place of production, publication, distribution, manufacture Praha
Name of producer, publisher, distributor, manufacturer Ottovo nakladatelství
Date of production, publication, distribution, manufacture, or copyright notice 2018
300 ## - PHYSICAL DESCRIPTION
Extent 103 strán
Other physical details ilustrácie
Dimensions 31 cm
336 ## - CONTENT TYPE
Content type term text
Content type code txt
Source rdacontent
337 ## - MEDIA TYPE
Media type term bez média
Media type code n
Source rdamedia
338 ## - CARRIER TYPE
Carrier type term zväzok
Carrier type code nc
Source rdacarrier
500 ## - GENERAL NOTE
General note Jazyk originálu pravdepodobne čeština
655 #7 - INDEX TERM--GENRE/FORM
Genre/form data or focus term české rozprávky
Source of term SNKPH
655 #7 - INDEX TERM--GENRE/FORM
Genre/form data or focus term publikácie pre deti
Source of term SNKPH
655 #7 - INDEX TERM--GENRE/FORM
Genre/form data or focus term Czech fairy tales
Source of term SNKPHeng
655 #7 - INDEX TERM--GENRE/FORM
Genre/form data or focus term Children's literature
Source of term SNKPHeng
700 1# - ADDED ENTRY--PERSONAL NAME
Personal name Quis, Josef,
Dates associated with a name 1964-
Relationship ill
700 1# - ADDED ENTRY--PERSONAL NAME
Personal name Klapáčová, Jana
Relationship trl
942 ## - ADDED ENTRY ELEMENTS (KOHA)
Source of classification or shelving scheme Dewey Decimal Classification
Koha item type Krásna literatúra pre deti
Suppress in OPAC No
949 ## - LOCAL PROCESSING INFORMATION (OCLC)
6 17A1334021
a snkSB 92982
b snk2018/15562
o Pemic23-ah/3Int. č. fa - 23/2018
s 6100:20180813
Holdings
Stav vyradenia Strata Poškodenie Spôsob nadobudnutia Domovská knižnica Aktuálna knižnica Dátum nadobudnutia Total checkouts Čiarový kód exemplára Date last seen Typ exemplára
      Dar Obecná knižnica Turčianska Štiavnička Obecná knižnica Turčianska Štiavnička 02.03.2026   4738000111 02.03.2026 Krásna literatúra pre deti
Projekt je podporený Slovenskou asociáciou knižníc
Prevádzkuje Turčianska knižnica Martin 2026